banner-ar

البنية والتاصر فى كيمياء الحالة الصلبة / (Record no. 53187)

MARC details
000 -الفاتح
حقل البيانات ثابتة الطول 00692nam a2200205Ia 4500
005 - وقت وتاريخ اخر تعامل مع التسجيلة
رقم الضبط 20240530105113.0
008 - عناصر البيانات ثابتة الطول - معلومات عامة
حقل البيانات ثابتة الطول 140319s9999 xx 000 0 ara d
040 ## - مصدر الفهرسة
وكالة الفهرسة الأصلية GCL /
وكالة النسخ GCL
082 04 - رقم تصنيف ديوى العشرى
رقم التصنيف 541.3/
رقم المادة ل ب
100 1# - المدخل الرئيسى - إسم شخصى
الإسم الشخصى لادو، م. ف
245 12 - بيان العنوان
العنوان البنية والتاصر فى كيمياء الحالة الصلبة /
بيان المسئوليه,etc م. ف. لادو ؛ ترجمة عصام جرجيس سلومى
260 ## - PUBLICATION, DISTRIBUTION, ETC. (IMPRINT)
تاريخ النشر أو التوزيع 1983
300 ## - الوصف المادى
التعداد 389 ص
650 04 - المدخل الاضافى بالموضوع-مصطلح موضوعى
مصطلح موضوعي الكيمياء
650 04 - المدخل الاضافى بالموضوع-مصطلح موضوعى
مصطلح موضوعي الكيمياء العضوية
650 04 - المدخل الاضافى بالموضوع-مصطلح موضوعى
مصطلح موضوعي الكيمياء الذرية
700 0# - المدخل الاضافى - اسم شخصى
الإسم الشخصى عصام جرجيس سلومى
الدور مترجم
942 ## - عناصر المدخل الإضافي( كوها)
مصدر التصنيف او مخطط الترفيف Dewey Decimal Classification
Koha [default] item type كتاب
260 ## - PUBLICATION, DISTRIBUTION, ETC. (IMPRINT)
-- [S.N] :
-- جامعة الموصل ،
Holdings
حالة التراجع حالة الفقد مصدر التصنيف او خطة الترفيف حالة تلف ليس للاعارة المكان المؤقت الموقع الحالى تاريخ الاكتساب اجمالي اﻻعارات رقم الطلب الباركود تاريخ اخر مشاهدة تاريخ تفعيل السعر نوع وعاء كوها
    ddc     مكتبة القاهرة الكبرى مكتبة القاهرة الكبرى 03/26/2014   541.3\ل ب 127658 03/26/2014 03/26/2014 كتاب

Powered By

EGPV